000 01454nam a22003137a 4500
999 _c101969
_d101969
005 20230228163010.0
010 _a1617EN ENG-115902 ENG-1136273
020 _a9780199459711
_c1795.00
020 _a199459711
_c1795.00
035 _ab-649763-772
035 _aEN-99434 EN-119805
035 _aB-664939
037 _bUppal
_adpl
037 _bDBAD/PUB
082 0 4 _a305.800954
_223
245 0 4 _aThe scheduled tribes and their India :
_bpolitics, identities, policies, and work /
_cedited by Nandini Sundar.
250 _aFirst edition.
260 _aNew Delhi
_bOxford University press
_c2016
270 _aYMCA Library Building,1 Jaisingh Road
_bNew Delhi
_e110001
300 _axviii, 640 pages :
_billustrations (black and white), 1 map (black and white) ;
_c22 cm.
490 1 _aOxford in India readings in sociology and social anthropology
500 _aContributed articles.
504 _aIncludes bibliographical references and index.
700 1 _aSundar, Nandini,
_eeditor.
830 0 _aOxford in India readings in sociology and social anthropology.
942 _2ddc
_cEN
_h305.800954
_mSCH